| 000 | 00817nam a2200229 a 4500 | ||
|---|---|---|---|
| 001 | 21897 | ||
| 003 | CO-ViMGA | ||
| 008 | 141112s2004 ck r 000 u spa d | ||
| 020 | _a9589729851 | ||
| 040 |
_aCO-ViMGA _bspa _cCO-ViMGA |
||
| 082 | 0 | 4 | _a307. 76 B646h |
| 100 | 1 |
_aBogotá (colombia)Alcaldía Mayor, _931292 |
|
| 245 | 1 | 0 | _aHagamos un pacto para vivir y preservar la vida |
| 260 |
_aBogotá : _bGiro publicidad y mercadeo, _c2003 |
||
| 300 | _a48 | ||
| 590 | _aForma de adquisición : Donación - - Precio : 10000 - - Fecha de adquisición : Julio 2007 | ||
| 650 | 1 | 4 |
_aCONVIVENCIA - Bogotá (COLOMBIA) _931293 |
| 650 | 1 | 4 |
_aDERECHO A LA VIDA - Bogotá (COLOMBIA) _931294 |
| 650 | 1 | 4 |
_aPARTICIPACION CIUDADANA - Bogotá _931295 |
| 650 | 1 | 4 |
_aVIDA EN COMUNIDAD (Bogotá, COLOMBIA) _931296 |
| 942 |
_2ddc _cBK |
||
| 999 |
_c30441 _d30441 |
||